Movies Quiz

Random Movies or Clickable Quiz
Score 0/30 Timer 03:00
0 Plays Today
% Correct
Captain
93.3%
Ender's
92.8%
The
92.4%
American
90.6%
Pacific
90.6%
Identity
90.1%
Monsters
89.7%
The
89.7%
The
89.2%
The
88.8%
Lone
87.4%
The
87%
Blue
84.8%
The
83%
Warm
82.5%
% Correct
Delivery
82.5%
Side
81.6%
Gangster
81.2%
Safe
79.8%
After
79.8%
Grudge
78.9%
Evil
78%
The
76.7%
Last
76.7%
47
68.6%
2
67.3%
The
65.5%
Red
65%
The
65%
Free
62.8%
Remove Ads.
Support Sporcle.
Get the best of Sporcle when you Go Orange. This ad-free experience offers more features, more stats, and more fun while also helping to support Sporcle. Thank you for becoming a member.

You're not logged in!

Compare scores with friends on all Sporcle quizzes.
OR
Log In

Show Comments

Extras

Top Quizzes Today


Score Distribution

Your Account Isn't Verified!

In order to create a playlist on Sporcle, you need to verify the email address you used during registration. Go to your Sporcle Settings to finish the process.

Report this User

Report this user for behavior that violates our Community Guidelines.

Details: